000 00469nam a2200157 i 4500
001 25489
003 ES-MaACL
005 20230906153258.0
007 t|
008 021226s1966 sp ||||1| gao d
100 1 _aArce y Valladares, Manuel José.
_922469
245 1 0 _aDendo fondo canta o río... /
_cManuel Xosé Arce Valladares.
260 _a[Vigo :
_bs.n.,
_c1966] (
_fSalnés, imp.)
300 _a72 p., 6 lám. ;
_c19 cm.
852 _aES-MaACL
_jC-29127
_bR.59475
999 _c25489
_d25489